书目信息 |
| 题名: |
农村卫生事业管理
|
|
| 作者: | ;《农村卫生事业管理》编写组 编 | |
| 分册: | ||
| 出版信息: | 济南 山东科学技术出版社 1988.8 |
|
| 页数: | 514页 | |
| 开本: | 19厘米 | |
| 丛书名: | ||
| 单 册: | ||
| 中图分类: | R127 | |
| 科图分类: | ||
| 主题词: | 农村卫生--医药卫生管理 | |
| 电子资源: | ||
| ISBN: | 7-5331-0389-0 | |
| 000 | 00935nam0 2200241 450 | |
| 001 | 0100278016 | |
| 005 | 20020928000000.0 | |
| 010 | @a7-5331-0389-0@b精装@dCNY6.50 | |
| 011 | @a7-5331-0389-0 | |
| 100 | @a19910105d1988 m y0chiy0110 ea | |
| 101 | 0 | @achi |
| 102 | @aCN@b370000 | |
| 105 | @ay z 000yy | |
| 106 | @ar | |
| 200 | 1 | @a农村卫生事业管理@9Nong Cun Wei Sheng Shi Ye Guan Li @f《农村卫生事业管理》编写组编@b专著 |
| 210 | @a济南@c山东科学技术出版社@d1988.8 | |
| 215 | @a514页@d19厘米 | |
| 330 | @a本书内容包括管理知识概论、农村卫生机构建设、农村卫生工作管理、农村医疗保健制度、农村卫生经费与财务管理、农村卫生人力开发与医学教育、农村健康教育、农村卫生调查研究与统计、初级卫生保健。 | |
| 606 | 0 | @a农村卫生@x医药卫生管理 |
| 690 | @aR127@v1980 | |
| 711 | 2 | @a《农村卫生事业管理》编写组@9《 nong cun wei sheng shi ye guan li 》 bian xie zu@4编 |
| 801 | 0 | @aCN@bAiZhiMarc@c19910105 |
| 905 | @aBZT@dR127@e2@f15@sR127/2 | |
| 农村卫生事业管理/《农村卫生事业管理》编写组编.-济南:山东科学技术出版社,1988.8 |
| 514页;19厘米 |
| ISBN 7-5331-0389-0(精装):CNY6.50 |
| 本书内容包括管理知识概论、农村卫生机构建设、农村卫生工作管理、农村医疗保健制度、农村卫生经费与财务管理、农村卫生人力开发与医学教育、农村健康教育、农村卫生调查研究与统计、初级卫生保健。 |
| ● |
| 相关链接 |
|
|
|
正题名:农村卫生事业管理
索取号:R127/2
 
预约/预借
| 序号 | 登录号 | 条形码 | 馆藏地/架位号 | 状态 | 备注 |
| 1 | 2000089163 | 2000089163 | 旧书回溯/ [索取号:R127/2] | 在馆 | |
| 2 | 2000089164 | 2000089164 | 旧书回溯/ [索取号:R127/2] | 在馆 | |
| 3 | 2000089165 | 2000089165 | 旧书回溯/ [索取号:R127/2] | 在馆 | |
| 4 | 2000133499 | 2000133499 | 旧书回溯/ [索取号:R127/2] | 在馆 | |
| 5 | 2000133500 | 2000133500 | 旧书回溯/ [索取号:R127/2] | 在馆 | |
| 6 | 2000133501 | 2000133501 | 旧书回溯/ [索取号:R127/2] | 在馆 | |
| 7 | 2000133502 | 2000133502 | 旧书回溯/ [索取号:R127/2] | 在馆 | |
| 8 | 2000133503 | 2000133503 | 旧书回溯/ [索取号:R127/2] | 在馆 | |
| 9 | 2000133504 | 2000133504 | 旧书回溯/ [索取号:R127/2] | 在馆 | |
| 10 | 2000133505 | 2000133505 | 旧书回溯/ [索取号:R127/2] | 在馆 | |
| 11 | 2000133506 | 2000133506 | 旧书回溯/ [索取号:R127/2] | 在馆 | |
| 12 | 2000133507 | 2000133507 | 旧书回溯/ [索取号:R127/2] | 在馆 | |
| 13 | 2000133508 | 2000133508 | 旧书回溯/ [索取号:R127/2] | 在馆 | |
| 14 | 2000133509 | 2000133509 | 旧书回溯/ [索取号:R127/2] | 在馆 | |
| 15 | 2000133510 | 2000133510 | 旧书回溯/ [索取号:R127/2] | 在馆 |